MARC

LEADER 00000nam0a2200000 4500
001 320766
005 20231102003319.0
035 |a (RuTPU)RU\TPU\book\346297 
090 |a 320766 
100 |a 20160719d1953 km y0rusy50 ca 
101 0 |a rus 
102 |a RU 
105 |a a z 001zy 
200 1 |a Производство изразцов и облицовочных плиток  |f С. А. Чикильдин 
210 |a Москва  |c Росгизместпром  |d 1953 
215 |a 188 с.  |c ил. 
320 |a Библиогр.: с. 188 
606 1 |a Изразцы  |x Производство  |2 stltpush  |3 (RuTPU)RU\TPU\subj\35075  |9 56854 
610 1 |a облицовка 
610 1 |a облицовочные плитки 
610 1 |a оборудование 
610 1 |a керамические плитки 
610 1 |a глазури 
610 1 |a эмали 
610 1 |a технический контроль 
675 |a 666.75  |v 4 
700 1 |a Чикильдин  |b С. А. 
801 1 |a RU  |b 63413507  |c 20160719 
801 2 |a RU  |b 63413507  |c 20200908  |g RCR 
942 |c BK